| Tag |
First Indicator |
Second Indicator |
Subfields |
| LEADER |
00000nam a2200000 4500 |
| 001 |
in00004222650 |
| 005 |
20200806095843.0 |
| 006 |
m g d |
| 007 |
cr bn |||a|bb| |
| 008 |
910405s1623 enk o 00| | eng d |
| 035 |
|
|
|a (UnM)99841520
|
| 037 |
|
|
|a CL0036000037
|b ProQuest. 789 E. Eisenhower Parkway, Ann Arbor, MI 48108-3218
|
| 040 |
|
|
|a Cu-RivES
|c Cu-RivES
|d CStRLIN
|e dcrb
|d WaOLN
|
| 100 |
1 |
|
|a Gunter, Edmund,
|d 1581-1626.
|
| 245 |
1 |
4 |
|a The description and vse of the sector :
|b for such as are studious of mathematicall practise.
|
| 246 |
2 |
|
|a Description and use of the sector
|
| 246 |
2 |
|
|a Description and use of the sector.
|
| 246 |
2 |
|
|a First booke of the crosse-staffe.
|
| 246 |
2 |
|
|a Description and vse of the crosse-staffe.
|
| 246 |
2 |
|
|a Description and use of the crosse-staffe.
|
| 260 |
|
|
|a London :
|b Printed by William Iones,
|c 1623.
|
| 300 |
|
|
|a 1 online resource ([4], 143, [1]; 216 pages :
|b illustrations.
|
| 336 |
|
|
|a text
|b txt
|2 rdacontent
|
| 337 |
|
|
|a computer
|b c
|2 rdamedia
|
| 338 |
|
|
|a online resource
|b cr
|2 rdacarrier
|
| 500 |
|
|
|a One of several states of the first edition. In this state there is no signed quire A, and the title page is conjugate with the engraved frontispiece. Variant 1 (CSmH copy only): the title page is conjugate with a special dedication to the Earl of Bridgewater; the frontispiece is pasted to the dedication verso.
|
| 500 |
|
|
|a "The first booke of the crosse-staffe" (caption title; includes books 2 and 3) has separate pagination and register. Variant 2a: with an added title page to this section, "The description and vse of the crosse-staffe. .. London, printed by William Iones. and are to be sold by Iohn Tap at Saint Magnus corner. 1623.". Variant 2b: the added title page has E. Weaver's name for John Tap's. Several copies lack book 3 of this section.
|
| 500 |
|
|
|a Some copies may have an added engraved title page, not included in pagination above.
|
| 500 |
|
|
|a Reproduction of the original in the Henry E. Huntington Library and Art Gallery.
|
| 510 |
4 |
|
|a STC (2nd edition)
|c 12521.
|
| 533 |
|
|
|a Electronic reproduction.
|b Ann Arbor, Mich. :
|c UMI,
|d 1999-
|f (Early English books online)
|n Digital version of: (Early English books, 1475-1640 ; 1351:03)
|7 s1999 miun s
|
| 650 |
|
0 |
|a Mathematical instruments
|v Early works to 1800.
|
| 830 |
|
0 |
|a Early English books online.
|
| 856 |
4 |
0 |
|u http://proxy.library.tamu.edu/login?url=https://search.proquest.com/docview/2240866570
|z Connect to the full text of this electronic book
|t 0
|
| 999 |
f |
f |
|s c6aac57b-272b-36dd-9577-18f7377f46c9
|i 121d708a-3762-37e3-9704-4d61758ab82e
|t 0
|
| 952 |
f |
f |
|a Texas A&M University
|b College Station
|c Electronic Resources
|d Available Online
|t 0
|h No information provided
|
| 998 |
f |
f |
|t 0
|l Available Online
|